[Event "1/64 Finale"]
[Site "www.chess-mail.com"]
[Date "2017.04.26"]
[Round "1"]
[White "Amaya"]
[Black "Bojan"]
[WhiteElo "2080"]
[BlackElo "2010"]
[Result "0-1"]
[Round "1"]
1.d4 g6
2.e3 d5
3.f4 Ng8f6
4.Bf1d3 Nf6e4
5.Nb1d2 f5
6.Ng1f3 e6
7.O-O c5
8.c3 c4
9.Bd3c2 Nb8c6
10.Nf3e5 Qd8c7
11.Qd1f3 b5
12.a3 a5
13.g4 Bc8b7
14.gxf5 exf5
15.Qf3h3 O-O-O
16.Nd2xe4 dxe4
17.Bc2xe4 Kb8
18.Be4xc6 Bb7xc6
19.Ne5xg6 Rh8g8
20.Qh3xf5 Rg8xg6
21.Kf2 Qc7d6
22.Bc1d2 Bc6d7
23.Qf5e4 Rd8e8
24.Qe4c2 Qd6f6
25.Rf1g1 Qf6h4
26.Kf1 Bd7h3
27.Ke2 Bh3g4
{ resign }
0-1

[Event "Fast Game"]
[Site "www.echecsemail.com"]
[Date "2017.04.26"]
[Round "1"]
[White "Pellix84"]
[Black "Hennie4820"]
[WhiteElo "1640"]
[BlackElo "1640"]
[Result "1-0"]
[Round "1"]
1.d4 Ng8f6
2.Bc1g5 Nf6e4
3.Bg5h4 g6
4.Qd1d3 d5
5.f3 Ne4d6
6.Nb1c3 c6
7.e4 dxe4
8.fxe4 Bf8g7
9.Ng1f3 O-O
10.h3 b6
11.O-O-O Bc8a6
12.Qd3e3 Ba6xf1
13.Rh1xf1 Nb8d7
14.Nf3h2 Nd6c4
15.Qe3f4 Nd7f6
16.e5 Nf6d5
17.Nc3xd5 Qd8xd5
18.Bh4xe7 Rf8e8
19.Be7f6 Ra8c8
20.Nh2g4 Re8e6
21.Ng4h6 Kh8
22.Nh6xf7 Kg8
23.Bf6xg7 Kxg7
24.Qf4h6 Kg8
25.Nf7g5 Re6e7
26.e6 Nc4d6
27.Rf1f7 Nd6xf7
28.Qh6xh7 Kf8
29.exf7 Qd5xg5
30.Kb1 Re7xf7
31.Qh7h8 Ke7
32.Qh8xc8 Qg5d5
33.Rd1e1 Kf6
34.Qc8h8 Kg5
35.Re1e5 { resign }
1-0

[Event "Tourn. n9336"]
[Site "www.chess-mail.com"]
[Date "2017.04.27"]
[Round "1"]
[White "Sae80"]
[Black "Bojan"]
[WhiteElo "2149"]
[BlackElo "2010"]
[Result "1-0"]
[Round "1"]
1.e4 e5
2.Ng1f3 Nb8c6
3.Bf1b5 Qd8f6
4.Nb1c3 Ng8e7
5.O-O a6
6.Bb5a4 Nc6d4
7.Nf3xd4 exd4
8.Nc3e2 c5
9.d3 Ne7g6
10.Ne2g3 Bf8d6
11.Ng3h5 Qf6e5
12.f4 Qe5e7
13.Nh5xg7 Kd8
14.Ng7f5 Qe7f8
15.Qd1h5 b5
16.Ba4b3 Bc8b7
17.Bb3xf7 Bd6c7
18.Bf7xg6 hxg6
19.Qh5g5 Kc8
20.Nf5e7 Kb8
21.Ne7xg6 Qf8g8
22.Ng6xh8 Qg8xh8
23.Qg5xc5 Qh8d8
24.a4 Bb7c6
25.axb5 Bc6xb5
26.f5 Kb7
27.f6 d6
28.Qc5d5 Bb5c6
29.Qd5b3 Kc8
30.f7 Qd8f8
31.Bc1h6 Qf8xh6
32.f8Q { resign }
1-0

[Event "Tourn. n9255"]
[Site "www.chess-mail.com"]
[Date "2017.04.27"]
[Round "1"]
[White "Momahony"]
[Black "Norlavuaram"]
[WhiteElo "2279"]
[BlackElo "2080"]
[Result "1-0"]
[Round "1"]
1.d4 Ng8f6
2.Ng1f3 g6
3.e3 Bf8g7
4.Bf1d3 O-O
5.O-O d6
6.b3 b6
7.Bc1b2 Bc8b7
8.Nb1d2 c5
9.Qd1e2 Nb8c6
10.a3 a6
11.c4 Ra8c8
12.Ra1d1 e6
13.dxc5 dxc5
14.Nd2e4 Qd8e7
15.Rd1d2 Rc8d8
16.Rf1d1 Rd8d7
17.Ne4xf6 Bg7xf6
18.Bb2xf6 Qe7xf6
19.Bd3e4 Rd7xd2
20.Rd1xd2 Rf8d8
21.h3 Rd8xd2
22.Qe2xd2 Qf6d8
23.Qd2xd8 Nc6xd8
24.Be4xb7 Nd8xb7
25.a4 f6
26.Kf1 Kf7
27.Ke2 Ke7
28.Kd3 Kd6
29.h4 Nb7a5
30.Nf3d2 Na5c6
31.f4 Nc6e7
32.g4 Ne7c6
33.Ke4 e5
34.f5 Nc6e7
35.Nd2f3 gxf5
36.gxf5 Kc6
37.Nf3xe5 fxe5
38.Kxe5 Kd7
39.Kf6 Ke8
40.e4 Ne7c6
41.Kg7 Nc6e5
42.h5 Ne5f7
43.Kxh7 Ke7
44.Kg7 { resign }
1-0

[Event "Tourn. n9257"]
[Site "www.chess-mail.com"]
[Date "2017.04.27"]
[Round "1"]
[White "Szustan"]
[Black "Momahony"]
[WhiteElo "2650"]
[BlackElo "2299"]
[Result "1-0"]
[Round "1"]
1.e4 e6
2.d4 d5
3.Nb1c3 c5
4.exd5 exd5
5.dxc5 Bc8e6
6.Bc1e3 Nb8c6
7.Ng1f3 Bf8e7
8.Bf1b5 Ng8f6
9.O-O O-O
10.Rf1e1 Ra8c8
11.h3 Qd8a5
12.a3 a6
13.b4 Qa5c7
14.Bb5xc6 Qc7xc6
15.Nf3d4 Qc6d7
16.Qd1d3 Rc8d8
17.Ra1d1 Rf8e8
18.Be3f4 Be7f8
19.Bf4e5 Bf8e7
20.f4 g6
21.Re1f1 Be6f5
22.Nd4xf5 Qd7xf5
23.Qd3xf5 gxf5
24.Be5xf6 Be7xf6
25.Nc3xd5 Bf6b2
26.Rd1d3 Kg7
27.Rf1b1 Bb2xa3
28.c4 Re8e4
29.Rd3xa3 Re4xc4
30.Nd5e3 Rc4xf4
31.b5 axb5
32.Rb1xb5 Rd8d7
33.Rb5b6 Rd7e7
34.Ne3d5 { resign }
1-0

[Event "Tourn. n9320"]
[Site "www.chess-mail.com"]
[Date "2017.04.27"]
[Round "1"]
[White "Julian"]
[Black "Sorento"]
[WhiteElo "1970"]
[BlackElo "2060"]
[Result "0-1"]
[Round "1"]
1.e4 c5
2.Ng1f3 d6
3.c3 Nb8c6
4.d4 cxd4
5.cxd4 Bc8g4
6.d5 Nc6e5
7.Bf1e2 Ne5xf3
8.Be2xf3 Bg4xf3
9.Qd1xf3 g6
 { time }
0-1

[Event "Tourn. n9326"]
[Site "www.chess-mail.com"]
[Date "2017.04.27"]
[Round "1"]
[White "Osopanda"]
[Black "Sorento"]
[WhiteElo "1890"]
[BlackElo "2100"]
[Result "0-1"]
[Round "1"]
1.e4 c5
2.Ng1f3 d6
3.c3 Nb8c6
4.d4 cxd4
5.cxd4 g6
6.Bf1d3 Bf8g7
7.O-O Bc8g4
8.h3 Bg4xf3
9.Qd1xf3 Nc6xd4
10.Qf3d1 Ng8f6
 { time }
0-1

[Event "Tourn. n9308"]
[Site "www.chess-mail.com"]
[Date "2017.04.27"]
[Round "1"]
[White "Falcoale"]
[Black "Leonger"]
[WhiteElo "2000"]
[BlackElo "2130"]
[Result "0-1"]
[Round "1"]
1.e4 c5
2.Ng1f3 Nb8c6
3.d4 cxd4
4.Nf3xd4 e5
5.Nd4f3 Ng8f6
6.Nb1c3 Bf8b4
7.Bf1d3 Bb4xc3
8.bxc3 O-O
9.Bc1g5 h6
10.Bg5h4 d6
11.O-O Bc8e6
12.Nf3d2 Ra8c8
13.f4 exf4
14.Rf1xf4 g5
15.Bh4xg5 hxg5
16.Rf4f1 Qd8b6
17.Kh1 Nf6g4
18.Ra1b1 Ng4f2
19.Rf1xf2 Qb6xf2
20.Nd2b3 Nc6e5
21.Bd3f1 Qf2f4
22.Nb3d4 Ne5g4
23.Nd4f3 Rc8xc3
24.Bf1d3 Ng4f2
{ resign }
0-1

[Event "Tourn. n9314"]
[Site "www.chess-mail.com"]
[Date "2017.04.27"]
[Round "1"]
[White "Cristiano"]
[Black "Pdebonis"]
[WhiteElo "2240"]
[BlackElo "2560"]
[Result "0-1"]
[Round "1"]
1.e4 c5
2.Ng1f3 d6
3.d4 cxd4
4.Nf3xd4 Ng8f6
5.Nb1c3 g6
6.Bc1e3 Nb8c6
7.f3 Bf8g7
8.Bf1c4 O-O
9.Qd1d2 Bc8d7
10.h4 Ra8c8
11.Bc4b3 h5
12.O-O-O Nc6e5
13.Be3h6 Ne5c4
14.Bb3xc4 Rc8xc4
15.Bh6xg7 Kxg7
16.b3 Rc4c5
17.Nc3e2 e5
18.Nd4f5 gxf5
19.Qd2xd6 Qd8a5
20.Kb2 Rc5xc2
21.Kxc2 Qa5xa2
22.Kd3 Bd7b5
23.Kc3 Rf8c8
24.Kb4 a5
25.Kxb5 Qa2xb3
{ resign }
0-1

[Event "Tourn. n9329"]
[Site "www.chess-mail.com"]
[Date "2017.04.27"]
[Round "1"]
[White "Sorento"]
[Black "Nulladies"]
[WhiteElo "2100"]
[BlackElo "1920"]
[Result "1-0"]
[Round "1"]
1.e4 c5
2.Nb1c3 g6
3.f4 Bf8g7
4.Ng1f3 d6
5.Bf1c4 h6
6.O-O Bc8g4
7.h3 Bg4d7
8.d3 Nb8c6
9.Bc1e3 Nc6d4
10.Qd1d2 Ng8f6
11.Nf3xd4 cxd4
12.Be3xd4 O-O
13.g4 Nf6xg4
14.Bd4xg7 Kxg7
15.hxg4 Bd7xg4
16.f5 gxf5
17.exf5 Kh7
18.Rf1f4 Rf8g8
19.Bc4xf7 Rg8g7
20.Bf7g6 Kh8
21.Rf4xg4 Qd8b6
22.d4 Ra8f8
23.Qd2xh6 Kg8
24.Bg6h7 { resign }
1-0

[Event "Match"]
[Site "www.echecsemail.com"]
[Date "2017.04.27"]
[Round "1"]
[White "Cjood"]
[Black "Pinehill"]
[WhiteElo "1669"]
[BlackElo "1990"]
[Result "1-0"]
[Round "1"]
1.c4 Ng8f6
2.d4 e6
3.Nb1c3 Bf8b4
4.Bc1d2 O-O
5.f3 d5
6.cxd5 Bb4xc3
7.Bd2xc3 exd5
8.e3 Bc8f5
9.Bf1b5 c6
10.Bb5e2 Nb8d7
11.g4 Bf5g6
12.f4 Nf6e4
13.Ng1f3 h5
14.g5 Ne4xc3
15.bxc3 Bg6e4
16.Rh1g1 f5
17.gxf6 Nd7xf6
18.Nf3e5 Kh7
19.Be2xh5 Qd8a5
20.Qd1d2 Nf6xh5
21.Qd2b2 Qa5c7
22.Rg1g5 Nh5f6
23.Qb2f2 Kg8
24.Qf2g3 Be4d3
25.Qg3h4 Bd3e4
26.Kd2 Ra8e8
27.Ra1g1 Qc7a5
28.Rg5xg7 
1-0

[Event "Match"]
[Site "www.echecsemail.com"]
[Date "2017.04.27"]
[Round "1"]
[White "Azorau"]
[Black "Billyg"]
[WhiteElo "1830"]
[BlackElo "1670"]
[Result "0-1"]
[Round "1"]
1.Nb1c3 d5
2.d4 e6
3.Ng1f3 Nb8c6
4.Nc3b5 a6
5.Nb5c3 Bf8b4
6.Bc1d2 Bb4xc3
7.Bd2xc3 Ng8f6
8.h4 Nf6e4
9.Nf3g1 O-O
10.f3 Ne4g3
11.Rh1h3 Ng3xf1
12.Kxf1 e5
13.Rh3g3 Qd8xh4
14.Bc3e1 Qh4f6
15.Be1d2 Nc6xd4
16.Bd2g5 Qf6f5
17.Bg5e7 Nd4xc2
18.Ra1c1 Nc2e3
19.Ke1 Ne3xd1
20.Be7xf8 Nd1e3
21.Bf8c5 d4
22.Kf2 Ne3d5
23.Ng1h3 e4
24.Bc5xd4 g6
25.Rg3g5 Qf5e6
26.Rg5e5 Qe6d7
27.Nh3g5 f6
28.Re5xe4 fxg5
29.Re4e5 Nd5f4
30.g3 Qd7xd4
31.Re5e3 Nf4h3
32.Kg2 Qd4xe3
{ resign }
0-1

[Event "Match"]
[Site "www.echecsemail.com"]
[Date "2017.04.27"]
[Round "1"]
[White "Billyg"]
[Black "Nulladies"]
[WhiteElo "1630"]
[BlackElo "1920"]
[Result "0-1"]
[Round "1"]
1.e4 c5
2.d4 cxd4
3.Ng1f3 Nb8c6
4.Bc1d2 g6
5.Bf1b5 a6
6.Bb5xc6 dxc6
7.O-O Bf8g7
8.Nb1a3 d3
9.c3 Ng8f6
10.Rf1e1 O-O
11.Na3c4 Qd8c7
12.Nc4e5 Rf8d8
13.Bd2f4 d2
14.Nf3xd2 Nf6h5
15.Ne5xg6 Nh5xf4
16.Ng6xf4 Qc7xf4
17.Re1e2 Bc8e6
18.g3 Qf4g5
19.Qd1c2 Qg5h5
20.Ra1e1 Be6h3
21.Nd2c4 Qh5f3
22.Nc4d2 Qf3g2

0-1

[Event "Match"]
[Site "www.echecsemail.com"]
[Date "2017.04.27"]
[Round "1"]
[White "Ledzepp"]
[Black "Rassputin"]
[WhiteElo "1460"]
[BlackElo "1349"]
[Result "1-0"]
[Round "1"]
1.e4 e5
2.Ng1f3 f6
3.d4 Bf8d6
4.dxe5 Bd6c5
5.exf6 Qd8xf6
6.Bc1g5 Qf6b6
7.Nf3e5 Qb6e6
8.Bg5f4 d6
9.Bf1c4 Qe6f6
10.Ne5d3 Bc5b6
11.O-O Bc8d7
12.Nb1c3 c6
13.e5 Qf6g6
14.Nc3a4 Bd7h3
15.Qd1f3 Bh3g4
16.Qf3g3 Ng8e7
17.Na4xb6 axb6
18.exd6 Ne7f5
19.Nd3e5 Qg6h5
20.Bc4f7 Kd8
21.Bf7xh5 Rh8f8
22.Qg3b3 Ra8a6
23.Bh5xg4 { resign }
1-0

[Event "Eq:Slap Shot Mates-Equipo Juan Diaz : "]
[Site "www.chess-mail.com"]
[Date "2017.04.27"]
[Round "1"]
[White "Ecijaajedrez"]
[Black "Pdebonis"]
[WhiteElo "2420"]
[BlackElo "2560"]
[Result "0-1"]
[Round "1"]
1.d4 Ng8f6
2.c4 g6
3.Nb1c3 Bf8g7
4.e4 d6
5.h3 O-O
6.Bc1g5 c5
7.d5 e6
8.Bf1d3 exd5
9.exd5 Nb8d7
 { time }
0-1

[Event "Tourn. n9301"]
[Site "www.chess-mail.com"]
[Date "2017.04.28"]
[Round "1"]
[White "Picifarkinca"]
[Black "Comrade"]
[WhiteElo "2010"]
[BlackElo "2240"]
[Result "0-1"]
[Round "1"]
1.Ng1f3 d5
2.g3 c5
3.Bf1g2 Ng8f6
4.c4 dxc4
5.Qd1a4 Nb8c6
6.Qa4xc4 e6
7.O-O Bf8d6
8.d4 Qd8e7
9.Nb1c3 a6
10.dxc5 Bd6xc5
11.Bc1g5 h6
12.Bg5xf6 gxf6
13.Nc3e4 Bc5b6
{ resign }
0-1

[Event "Tourn. n9334"]
[Site "www.chess-mail.com"]
[Date "2017.04.28"]
[Round "1"]
[White "Prize64"]
[Black "Mitja"]
[WhiteElo "2100"]
[BlackElo "1990"]
[Result "1-0"]
[Round "1"]
1.e4 d5
2.exd5 Qd8xd5
3.Ng1f3 e6
4.d4 c6
5.c4 Qd5e4
6.Bc1e3 Qe4g6
7.Nf3e5 Qg6f6
8.Bf1d3 h6
9.Nb1d2 Nb8d7
10.Nd2f3 Nd7xe5
11.Nf3xe5 Ng8e7
12.O-O Ne7f5
13.c5 Qf6d8
14.Qd1h5 Qd8c7
15.g4 Nf5xe3
16.fxe3 Bc8d7
17.Rf1xf7 O-O-O
18.Ra1f1 Kb8
19.Ne5xd7 Rd8xd7
20.Rf7xf8 Rh8xf8
21.Rf1xf8 Rd7d8
22.Rf8xd8 Qc7xd8
23.Qh5e5 { resign }
1-0

[Event "Tourn. n9350"]
[Site "www.chess-mail.com"]
[Date "2017.04.28"]
[Round "1"]
[White "Sorento"]
[Black "Picifarkinca"]
[WhiteElo "2260"]
[BlackElo "2090"]
[Result "1-0"]
[Round "1"]
1.d4 d5
2.Ng1f3 Ng8f6
3.Bc1f4 e6
4.e3 Bf8d6
5.Bf4g3 Bd6xg3
6.hxg3 Nb8d7
7.c4 c5
8.Nb1c3 O-O
9.Qd1c2 b6
10.O-O-O Bc8a6
11.g4 { resign }
1-0

[Event "Tourn. n9293"]
[Site "www.chess-mail.com"]
[Date "2017.04.28"]
[Round "1"]
[White "Sorento"]
[Black "Picifarkinca"]
[WhiteElo "1849"]
[BlackElo "2010"]
[Result "1-0"]
[Round "1"]
1.e4 e6
2.d4 c5
3.Ng1f3 cxd4
4.Nf3xd4 Ng8f6
5.Nb1c3 Nb8c6
6.Bc1e3 d6
7.Qd1d2 Bf8e7
8.O-O-O Bc8d7
9.Rh1g1 a6
10.g4 Nc6xd4
11.Qd2xd4 Bd7c6
12.g5 e5
13.Qd4c4 Nf6d7
14.h4 Ra8c8
15.Bf1h3 O-O
16.Qc4e2 Rc8b8
17.h5 b5
18.g6 Nd7f6
19.gxf7 Kh8
20.f4 b4
21.Nc3d5 Nf6xd5
22.exd5 Bc6b5
23.Qe2g2 Be7f6
24.Bh3e6 { resign }
1-0

[Event "Tourn. n9324"]
[Site "www.chess-mail.com"]
[Date "2017.04.28"]
[Round "1"]
[White "Ll69"]
[Black "Redabond"]
[WhiteElo "1599"]
[BlackElo "1670"]
[Result "1-0"]
[Round "1"]
1.c4 d5
2.cxd5 Qd8xd5
3.Nb1c3 Qd5d8
4.g3 Bc8f5
5.Bf1g2 c6
6.Ng1f3 Ng8f6
7.O-O e6
8.d3 Bf8b4
9.Qd1b3 Nb8a6
10.a3 Bb4xc3
11.bxc3 O-O
12.Qb3xb7 Qd8c8
13.Qb7xc8 Ra8xc8
14.Bc1g5 Nf6d7
15.Nf3d4 f6
16.Bg5d2 e5
17.Nd4xf5 g6
18.Nf5e7 Kf7
19.Ne7xc8 Rf8xc8
20.Bg2h3 f5
21.e4 Kg7
22.exf5 Na6c5
23.fxg6 Kxg6
24.Bh3xd7 Rc8d8
25.Bd7xc6 Nc5xd3
26.Bc6e4 { resign }
1-0

[Event "Tourn. n9255"]
[Site "www.chess-mail.com"]
[Date "2017.04.28"]
[Round "1"]
[White "Norlavuaram"]
[Black "Francesco"]
[WhiteElo "2100"]
[BlackElo "2020"]
[Result "1-0"]
[Round "1"]
1.e4 c6
2.d4 d5
3.Nb1d2 dxe4
4.Nd2xe4 Bc8f5
5.Ne4g3 Bf5g6
6.Ng1f3 Ng8f6
7.Bf1c4 h6
8.Nf3e5 e6
9.Ne5xg6 fxg6
10.Bc4xe6 Qd8e7
11.Qd1e2 Nb8d7
12.O-O O-O-O
13.Rf1e1 Qe7d6
14.Be6xd7 Rd8xd7
15.c3 Rd7e7
16.Bc1e3 h5
17.Qe2d3 h4
18.Ng3e2 Nf6e4
19.Be3f4 Qd6f6
20.f3 Ne4d6
21.h3 g5
22.Bf4h2 Nd6f5
23.Bh2e5 Qf6f7
24.Ra1d1 Rh8h6
25.Ne2c1 Rh6e6
26.Nc1b3 b6
27.a4 Re7d7
28.Qd3a6 Rd7b7
29.a5 b5
30.Nb3d2 Bf8d6
31.Nd2b3 Re6e7
32.Qa6xc6 Re7c7
33.Be5xd6 Nf5xd6
34.Qc6xd6 Rc7d7
35.Qd6e6 { resign }
1-0

[Event "Tourn. n9169"]
[Site "www.chess-mail.com"]
[Date "2017.04.28"]
[Round "1"]
[White "Norlavuaram"]
[Black "Esperanza"]
[WhiteElo "2160"]
[BlackElo "2080"]
[Result "1-0"]
[Round "1"]
1.e4 e5
2.Ng1f3 Nb8c6
3.Bf1b5 a6
4.Bb5a4 Ng8f6
5.O-O b5
6.Ba4b3 Bf8e7
7.Rf1e1 O-O
8.c3 d6
9.h3 Bc8b7
10.d4 Nc6a5
11.Bb3c2 exd4
12.cxd4 Rf8e8
13.b3 Be7f8
14.Bc1g5 h6
15.Bg5h4 Bf8e7
16.Nb1c3 c5
17.e5 dxe5
18.dxe5 Qd8xd1
19.Ra1xd1 Bb7xf3
20.gxf3 Nf6h5
21.Bh4g3 Ra8d8
22.Nc3d5 Be7f8
23.f4 Na5c6
24.Nd5c7 Rd8xd1
25.Re1xd1 Re8c8
26.Nc7xa6  { time }
1-0

[Event "Tourn. n9266"]
[Site "www.chess-mail.com"]
[Date "2017.04.28"]
[Round "1"]
[White "Norlavuaram"]
[Black "Julian"]
[WhiteElo "2090"]
[BlackElo "2010"]
[Result "1-0"]
[Round "1"]
1.e4 c5
2.Ng1f3 d6
3.d4 cxd4
4.Nf3xd4 Ng8f6
5.Bf1d3 e5
6.Nd4f3 h6
7.c4 Bc8e6
8.Nb1c3 Bf8e7
9.O-O O-O
10.h3 Nb8d7
11.Bc1e3 a6
12.Qd1e2 Ra8b8
13.Ra1c1 b5
14.cxb5 axb5
15.Bd3xb5  { time }
1-0

[Event "Tourn. n9333"]
[Site "www.chess-mail.com"]
[Date "2017.04.28"]
[Round "1"]
[White "Hansen"]
[Black "Pachi"]
[WhiteElo "1580"]
[BlackElo "1550"]
[Result "1-0"]
[Round "1"]
1.e3 e5
2.d4 d6
3.dxe5 dxe5
4.Qd1xd8 Kxd8
5.a3 c6
6.Nb1c3 a5
7.Nc3e4 b5
8.Ng1f3 b4
9.Nf3xe5 Ra8a7
10.Bf1c4 Bc8e6
11.Bc4xe6 fxe6
12.Ne5f7 Ra7xf7
13.Ne4g5 Rf7f6
14.axb4 axb4
15.Ra1a8 Bf8d6
16.Ng5e4 Rf6f8
17.Ne4xd6 Kc7
18.Nd6c4 Ng8f6
19.Ra8a7 Kd8
20.b3 Nf6e4
21.Ke2 Rf8xf2
22.Kd3 Ne4f6
23.Nc4d6 Rh8f8
24.Rh1d1 c5
25.Kc4 Rf2xc2
26.Kb5 Rc2xg2
27.Nd6f7 Ke8
28.Rd1d8 { resign }
1-0

[Event "Tourn. n9355"]
[Site "www.chess-mail.com"]
[Date "2017.04.28"]
[Round "1"]
[White "Bojan"]
[Black "Cjood"]
[WhiteElo "1940"]
[BlackElo "1940"]
[Result "0-1"]
[Round "1"]
1.b4 e6
2.a3 c5
3.c3 Qd8f6
4.Ng1f3 cxb4
5.axb4 Bf8xb4
6.Bc1b2 Bb4c5
7.e4 Nb8c6
8.d4 Bc5b6
9.Nb1a3 d5
10.e5 Qf6f4
11.Na3b5 a6
12.Qd1d3 Nc6a5
13.Nb5d6 Kd7
14.Bb2c1 Qf4g4
15.Nd6xf7 Na5b3
16.Ra1b1 Nb3xc1
17.Qd3d2 Qg4e4
18.Kd1 Qe4xb1
19.Qd2xc1 Qb1xc1
20.Kxc1 Ng8h6
21.Nf7xh8 Bb6a5
22.Kc2 b5
23.g4 Nh6xg4
24.Nh8f7 Ng4xf2
25.Rh1g1 g6
26.Nf7h6 Nf2e4
27.Nf3g5 Ba5xc3
28.Ng5xh7 Bc3xd4
29.Rg1xg6 Bd4xe5
30.h3 Bc8b7
31.Nh7g5 Ne4xg5
32.Rg6xg5 Ra8c8
33.Kb3 Rc8c3
34.Ka2 Be5f4
35.Rg5g7 Kc6
36.h4 Bf4xh6
37.Rg7g6 Bh6f8
38.Rg6xe6 Kd7
39.Re6f6 Bf8c5
40.Kb2 Rc3e3
41.h5 Bc5d4
{ resign }
0-1

[Event "Tourn. n9313"]
[Site "www.chess-mail.com"]
[Date "2017.04.28"]
[Round "1"]
[White "Ll69"]
[Black "Traub"]
[WhiteElo "1499"]
[BlackElo "1440"]
[Result "1-0"]
[Round "1"]
1.c4 e5
2.g3 f5
3.d4 d6
4.dxe5 g6
5.exd6 cxd6
6.Bf1g2 Ng8f6
7.Nb1c3 Bf8g7
8.Bc1g5 O-O
9.Nc3d5 Qd8a5
10.b4 Qa5d8
11.Ng1f3 Bc8e6
12.Nd5xf6 Bg7xf6
13.Bg5xf6  { time }
1-0

[Event "Tourn. n9311"]
[Site "www.chess-mail.com"]
[Date "2017.04.28"]
[Round "1"]
[White "Picifarkinca"]
[Black "Bigrezi"]
[WhiteElo "2020"]
[BlackElo "1930"]
[Result "0-1"]
[Round "1"]
1.e4 e5
2.Ng1f3 Nb8c6
3.Bf1b5 d6
4.h3 Bc8d7
5.c3 a6
6.Bb5a4 f5
7.Qd1e2 fxe4
8.Qe2xe4 Ng8f6
9.Qe4e2 Bf8e7
10.d3 O-O
11.Ba4b3 Kh8
12.Nb1d2 Qd8e8
13.O-O Qe8g6
14.Kh2 d5
15.Rf1e1 Ra8e8
16.Nd2f1 e4
17.Nf3d2 exd3
18.Qe2d1 Be7d6
{ resign }
0-1

[Event "Tourn. n9002"]
[Site "www.chess-mail.com"]
[Date "2017.04.28"]
[Round "1"]
[White "Marbachess"]
[Black "Nimzo"]
[WhiteElo "2660"]
[BlackElo "2780"]
[Result "0-1"]
[Round "1"]
1.f4 d5
2.c4 e6
3.Ng1f3 Ng8f6
4.e3 Bf8e7
5.b3 O-O
6.Bf1e2 c5
7.Bc1b2 b6
8.Nf3e5 Bc8b7
9.O-O Nf6d7
10.Ne5d3 Nb8c6
11.Be2f3 Bb7a6
12.Nd3f2 Nd7f6
13.Nb1a3 Ra8c8
14.Qd1e2 Nf6e8
15.Ra1d1 Be7f6
16.Bb2c3 e5
17.fxe5 Nc6xe5
18.Bc3xe5 Bf6xe5
19.Nf2d3 Qd8c7
20.g3 dxc4
21.Na3xc4 Be5d6
22.a4 Rc8d8
23.Nd3e1 g6
24.Ne1c2 Bd6e7
25.Nc2a3 Be7f6
26.Qe2g2 Ne8d6
27.Bf3d5 Bf6g7
28.Rf1f2 Kh8
29.Rd1f1 f5
30.g4 Ba6c8
31.gxf5 gxf5
32.Kh1 Qc7e7
33.Na3c2 Nd6e8
34.Bd5c6 Rf8f6
35.Qg2g5 Ne8d6
36.Nc2e1 Qe7e6
37.Bc6f3 Nd6e4
38.Bf3xe4 Qe6xe4
39.Ne1f3 Rd8f8
40.Qg5f4 Bc8b7
41.Kg1 Qe4d3
42.Rf2g2 Qd3xb3
43.Qf4c7 Rf6f7
44.Qc7f4 Rf7e7
45.Nc4d6 Bb7c6
46.h3 Qb3e6
47.Nf3g5 Qe6d7
48.Ng5f3 Rf8f6
49.Nd6b5 Re7e4
50.Qf4h2 Rf6f8
51.Nb5c3 Bg7xc3
52.dxc3 f4
53.Nf3d2 Re4xa4
54.Rg2g4 Qd7d3
{ resign }
0-1

[Event "Tourn. n9349"]
[Site "www.chess-mail.com"]
[Date "2017.04.28"]
[Round "1"]
[White "Asoka"]
[Black "Chessington"]
[WhiteElo "2740"]
[BlackElo "2420"]
[Result "1/2-1/2"]
[Round "1"]
1.d4 e6
2.e4 d5
3.Nb1c3 Ng8f6
4.e5 Nf6d7
5.f4 c5
6.Ng1f3 Nb8c6
7.Bc1e3 Bf8e7
8.dxc5 Be7xc5
9.Qd1d2 a6
10.Be3xc5 Nd7xc5
11.a3 O-O
12.b4 Nc5d7
13.Bf1d3 Qd8b6
14.Qd2f2 h6
15.O-O Qb6xf2
16.Kxf2 b5
17.g3 Nd7b6
18.a4 bxa4
19.Nc3xa4 Nb6xa4
20.Ra1xa4 Bc8d7
21.Rf1a1 Ra8b8
22.Ra4xa6 Rb8xb4
23.Ra6a8 f6
24.h4 Kf7
25.h5 Rf8xa8
26.Ra1xa8 Rb4b8
27.Ra8xb8 { draw }
1/2-1/2

[Event "Match"]
[Site "www.echecsemail.com"]
[Date "2017.04.28"]
[Round "1"]
[White "Ssharp"]
[Black "Bojan"]
[WhiteElo "2300"]
[BlackElo "2010"]
[Result "1-0"]
[Round "1"]
1.e4 e5
2.Nb1c3 c6
3.Bf1c4 a6
4.d3 b5
5.Bc4b3 h6
6.Ng1f3 Qd8f6
7.Bc1e3 Bf8b4
8.O-O Bb4a5
9.Nc3e2 d6
10.Ne2g3 g6
11.h3 Bc8e6
12.Bb3xe6 Qf6xe6
13.c3 Nb8d7
14.b4 Ba5d8
15.a4 f6
16.axb5 cxb5
17.d4 d5
18.Qd1b3 Ng8e7
19.dxe5 fxe5
20.Rf1d1 Nd7b6
21.exd5 Nb6xd5
22.Be3c5 Nd5c7
23.Qb3xe6 Nc7xe6
24.Bc5xe7 Bd8xe7
25.Rd1d5 Be7f6
26.Rd5xb5 O-O
27.Rb5b6 Ne6c7
28.Ng3e4 Bf6g7
29.Rb6xg6 Kh7
30.Rg6c6 Rf8f7
31.Kf1 Rf7d7
32.Ke2 Kg8
33.Rc6xh6 Bg7xh6
34.Ne4f6 Kg7
35.Nf6xd7 e4
36.Nf3h4 Bh6g5
37.Nh4f5 Kg6
38.Nf5d6 Ra8d8
39.Nd7e5 Kf6
40.Nd6xe4 Kxe5
41.Ne4xg5 Rd8e8
42.Ng5f3 Kd5
43.Kd3 Re8c8
44.c4 Ke6
45.c5 Kd5
46.Ra1e1 Rc8g8
47.Re1e5 Kc6
48.Nf3d4 Kb7
49.g3 Rg8d8
50.Kc4 Rd8d7
51.c6 { resign }
1-0

[Event "Match"]
[Site "www.echecsemail.com"]
[Date "2017.04.28"]
[Round "1"]
[White "Fvdp"]
[Black "Stevefillion"]
[WhiteElo "2380"]
[BlackElo "2370"]
[Result "1/2-1/2"]
[Round "1"]
1.e4 e5
2.Ng1f3 Ng8f6
3.d4 exd4
4.e5 Nf6e4
5.Qd1e2 Ne4c5
6.Nf3xd4 Nb8c6
7.Bc1e3 Nc6xd4
8.Be3xd4 Nc5e6
9.Bd4c3 b6
10.Nb1d2 Bc8b7
11.O-O-O Qd8h4
12.Kb1 Bf8b4
13.Bc3xb4 Qh4xb4
14.Rh1g1 O-O-O
15.g3 g5
16.Nd2b3 Qb4e4
17.Qe2xe4 Bb7xe4
18.Bf1a6 Kb8
19.Rg1e1 Be4g6
20.Ba6b5 c6
21.Bb5f1 h5
22.Bf1d3 g4
23.Re1e3 h4
24.Bd3xg6 fxg6
25.Re3e4 hxg3
26.hxg3 Rh8h2
27.Re4xg4 { draw }
1/2-1/2

[Event "Match"]
[Site "www.echecsemail.com"]
[Date "2017.04.28"]
[Round "1"]
[White "Cjood"]
[Black "Fangshuo"]
[WhiteElo "1970"]
[BlackElo "2030"]
[Result "1/2-1/2"]
[Round "1"]
1.e4 c5
2.c3 d5
3.Ng1f3 dxe4
4.Qd1a4 Nb8c6
5.Qa4xe4 Ng8f6
6.Qe4c4 e6
7.d4 cxd4
8.cxd4 Bf8b4
9.Bc1d2 Bb4xd2
10.Nb1xd2 Bc8d7
11.a3 Ra8c8
12.Qc4d3 O-O
13.g3 e5
14.dxe5 Nc6xe5
15.Nf3xe5 Rf8e8
16.f4 Nf6g4
17.Bf1e2 Ng4xe5
18.fxe5 Re8xe5
19.Nd2f3 Re5e6
20.Ra1d1 Rc8c7
21.O-O Qd8e8
22.Nf3g5 Re6g6
23.Ng5xf7 Bd7h3
24.Qd3b3 Bh3xf1
25.Nf7d6 Qe8e6
26.Qb3xe6 Rg6xe6
27.Be2xf1 Kf8
28.Bf1c4 Re6xd6
29.Rd1xd6 Rc7xc4
30.Rd6d1 a5
31.Rd1d2 Ke7
32.Kf2 { draw }
1/2-1/2

[Event "Match"]
[Site "www.echecsemail.com"]
[Date "2017.04.28"]
[Round "1"]
[White "Azorau"]
[Black "Llord"]
[WhiteElo "1770"]
[BlackElo "2040"]
[Result "1-0"]
[Round "1"]
1.e4 e5
2.Ng1f3 Nb8c6
3.Bf1c4 Ng8f6
4.Nf3g5 d5
5.exd5 Nf6xd5
6.Ng5xf7 Kxf7
7.Qd1f3 Ke8
8.Bc4xd5 Qd8e7
9.Bd5xc6 Bc8d7
10.Bc6xb7 Ra8b8
11.O-O g6
12.Rf1e1 Bf8g7
13.d4 Kd8
14.Qf3g3 Rb8xb7
15.Qg3f3 Rh8f8
16.Qf3xb7 Qe7h4
17.g3 Qh4xd4
18.Re1f1 h5
19.Qb7b8 Bd7c8
20.c3 Qd4c5
21.b4 Qc5b6
22.Qb8xb6 axb6
23.Bc1g5 Ke8
24.Rf1d1 Bc8h3
25.Rd1d8 Kf7
26.Rd8xf8 Kxf8
27.a4 e4
28.Nb1d2 Bg7xc3
29.Ra1c1 Bc3xb4
30.Nd2xe4 c5
31.Ne4f6 Kf7
32.Rc1d1 Bb4c3
33.Nf6e4 Bc3d4
34.Ne4d6 Ke6
35.Nd6e4 Kf5
36.Rd1e1 Kg4
37.Re1b1 Kf3
38.Ne4d2 Ke2
39.Nd2e4 Kf3
40.Rb1e1 c4
41.Ne4d2 Kg4
42.Bg5d8 { resign }
1-0

[Event "Match"]
[Site "www.echecsemail.com"]
[Date "2017.04.28"]
[Round "1"]
[White "Caspito"]
[Black "Cjood"]
[WhiteElo "1890"]
[BlackElo "1870"]
[Result "0-1"]
[Round "1"]
1.e4 d6
2.d4 e5
3.d5 Qd8h4
4.Nb1c3 Ng8f6
5.Ng1f3 Qh4g4
6.Qd1e2 a6
7.h3 Qg4d7
8.Bc1g5 Bf8e7
9.O-O-O c6
10.Nc3a4 Qd7c7
11.Bg5e3 c5
12.Be3g5 b5
13.Na4c3 b4
14.Nc3a4 Bc8d7
15.b3 Bd7xa4
16.bxa4 Qc7a5
17.Qe2c4 Qa5xa4
18.Qc4b3 Qa4xb3
19.cxb3 Nf6xe4
20.Bg5e3 Ne4c3
21.Rd1d2 Nc3e4
22.Rd2c2 Nb8d7
23.g4 h6
24.h4 Ne4f6
25.Bf1h3 Nf6xd5
26.g5 Nd5xe3
27.fxe3 O-O-O
28.e4 hxg5
29.hxg5 g6
30.Rh1h2 Kc7
31.Rc2d2 Rh8h5
32.Bh3f1 a5
33.Rh2g2 Rh5h1
34.Rd2d1 Rh1h3
35.Bf1e2 Rd8h8
36.Kb2 Rh8a8
37.Be2c4 Rh3xf3
38.Bc4d5 Ra8h8
39.a3 Nd7b6
{ resign }
0-1

[Event "1/64 Finale"]
[Site "www.chess-mail.com"]
[Date "2017.04.28"]
[Round "1"]
[White "Osopanda"]
[Black "Corr"]
[WhiteElo "1890"]
[BlackElo "1719"]
[Result "1-0"]
[Round "1"]
1.d4 g6
2.c4 Bf8g7
3.e4 c5
4.Bc1e3 Qd8b6
5.Ng1f3 Qb6xb2
6.Nb1d2 cxd4
7.Be3f4  { time }
1-0

[Event "1/32 Finale"]
[Site "www.chess-mail.com"]
[Date "2017.04.28"]
[Round "1"]
[White "Claudia"]
[Black "Bevittsmith"]
[WhiteElo "2200"]
[BlackElo "2240"]
[Result "0-1"]
[Round "1"]
1.d4 Ng8f6
2.c4 g6
3.Nb1c3 d5
4.cxd5 Nf6xd5
5.e4 Nd5xc3
6.bxc3 Bf8g7
7.Bc1g5 c5
8.Ra1c1 Qd8a5
9.Qd1d2 O-O
 { time }
0-1